LEADER 00747nam0 2200217 450 001 000012741 005 20080611143407.0 100 $a20080611d1962----km-y0itay50------ba 101 0 $aeng 102 $aGB 105 $ay-------001yy 200 1 $a<>short economic history of modern Japan, 1867-1937$ewith a supplementary chapter on economic recovery and expansion, 1945-1960$fby G. C. Allen 205 $a2. revised ed. 210 $aLondon$cGeorge Allen & Unwin$d1962 215 $a237 p.$d22 cm 700 1$aAllen,$bGeorge C.$0603980 801 0$aIT$bUNIPARTHENOPE$c20080611$gRICA$2UNIMARC 912 $a000012741 951 $a041/86$b30/L/CNR$cNAVA2 996 $aShort economic history of modern Japan, 1867-1937$91202925 997 $aUNIPARTHENOPE LEADER 02058nam 2200409 n 450 001 996393370903316 005 20200824121717.0 035 $a(CKB)4940000000114010 035 $a(EEBO)2240901860 035 $a(UnM)ocm99888778e 035 $a(UnM)99888778 035 $a(EXLCZ)994940000000114010 100 $a19990113d1690 uy 101 0 $aeng 135 $aurbn||||a|bb| 200 10$aAdvertisement. At the Angel and crown in King-Street, near cheap-side, next door to the ally that leads into Ironmonger-lane, the sick may have advice for nothing. And approv'd medicines at reasonable rates$b[electronic resource] $esuch as have been found by many years experience successful to admiration, in the cure of fevers, agues, of the cholic, griping in the guts, bloody flux, vomiting and loosness, of coughs, chin-coughs, worms, rickets, of the jaundice, scurvey, .. 210 $a[London $cs.n.$d1690?] 215 $a1 sheet ([1] p.) 300 $aImprint, publication, and authorship information surmised by cataloger. John Pechey published similar advertisements from 1685-1690. Cf Wing (CD-ROM, 1996), P1017H-P1017K. 300 $aReproduction of original in the British Library. 330 $aeebo-0018 606 $aAdvertising$xMedicine$vEarly works to 1800 606 $aMedicine$xVocational guidance$vEarly works to 1800 606 $aMedicine, popular$vEarly works to 1800 606 $aPhysicians$zEngland$vEarly works to 1800 608 $aBroadsides$zEngland$y17th century.$2rbgenr 615 0$aAdvertising$xMedicine 615 0$aMedicine$xVocational guidance 615 0$aMedicine, popular 615 0$aPhysicians 700 $aPechey$b John$f1655-1716.$01001834 801 0$bCU-RivES 801 1$bCU-RivES 906 $aBOOK 912 $a996393370903316 996 $aAdvertisement. At the Angel and crown in King-Street, near cheap-side, next door to the ally that leads into Ironmonger-lane, the sick may have advice for nothing. And approv'd medicines at reasonable rates$92388035 997 $aUNISA